000 00230nam a2200085Ia 4500
008 170620s9999 xx 000 0 und d
100 _aRao- V. Venkateshwara
245 0 _aProblems of Education
260 _bNew Delhi- Discovery Publishing House
260 _c2005
999 _c24509
_d24509